[Event "Sparkassen-Open A"]
[Site "Heusenstamm, Martinsee"]
[Date "2023.11.25"]
[Round "4.55"]
[White "Baumgartl, Günther"]
[Black "Marcziter, Alex"]
[Result "0-1"]
[WhiteElo "2040"]
[BlackElo "1791"]
[PlyCount "48"]
[EventDate "2023.??.??"]
[WhiteTeam "SC 1952 Obertshausen"]
[BlackTeam "SG Porz e. V."]

1. e4 e5 2. Nf3 Nc6 3. d4 exd4 4. Bc4 Nf6 5. e5 d5 6. Bb5 Ne4 7. Nxd4 Bd7 8. Nxc6 bxc6 9. Bd3 Bc5 10. Bxe4 dxe4 11. O-O O-O 12. Bf4 Rb8 13. b3 Qe7 14. c3 Bf5 15. Qe2 Rfd8 16. Nd2 e3 17. Bxe3 Bd3 18. Qg4 Bxe3 19. fxe3 Bxf1 20. Nxf1 Qxe5 21. Qc4 Rd6 22. Re1 Rbd8 23. Qa6 Qxc3 24. Re2 Qd3 0-1

[Event "Sparkassen-Open A"]
[Site "Heusenstamm, Martinsee"]
[Date "2023.11.25"]
[Round "4.56"]
[White "Harringer, Manfred"]
[Black "Cors, Heinz-Friedrich"]
[Result "1/2-1/2"]
[WhiteElo "2031"]
[BlackElo "1841"]
[PlyCount "56"]
[EventDate "2023.??.??"]
[WhiteTeam "Bergische SF 1923 Ber"]
[BlackTeam "Schachforum Darmstadt 1994"]

1. c4 Nf6 2. Nc3 c5 3. Nf3 Nc6 4. e3 e6 5. d4 d5 6. a3 cxd4 7. Nxd4 Be7 8. cxd5 exd5 9. Be2 O-O 10. O-O Re8 11. b4 Nxd4 12. Qxd4 Bd6 13. f4 Bc7 14. Qd3 g6 15. Nb5 Bf5 16. Qd2 Bb6 17. Nd4 Rc8 18. Bb2 Qe7 19. Kh1 Ne4 20. Qe1 Nd6 21. Bf3 Qxe3 22. Qxe3 Rxe3 23. Bxd5 Be4 24. Bxe4 Rxe4 25. Nf3 Re2 26. Be5 Ne4 27. Nd4 Rd2 28. Nf3 Nf2+ 1/2-1/2

[Event "Sparkassen-Open A"]
[Site "Heusenstamm, Martinsee"]
[Date "2023.11.25"]
[Round "4.57"]
[White "Blomer, Moritz"]
[Black "Junker, Christian"]
[Result "0-1"]
[WhiteElo "1758"]
[BlackElo "2023"]
[PlyCount "76"]
[EventDate "2023.??.??"]
[WhiteTeam "SG Porz e. V."]
[BlackTeam "SV 1926 Neu-Isenburg"]

1. d4 d6 2. Nf3 Nd7 3. e4 g6 4. h4 h5 5. Bc4 e6 6. Ng5 Nb6 7. Bb3 Nh6 8. a4 a5 9. O-O Bg7 10. c3 O-O 11. Nf3 Ng4 12. Bg5 Qe8 13. Na3 Bd7 14. Nc4 Nxc4 15. Bxc4 c6 16. d5 cxd5 17. exd5 e5 18. Qe2 f6 19. Bc1 Qf7 20. b3 Rfe8 21. Ba3 Bf8 22. Bb5 Nh6 23. Bxd7 Qxd7 24. Nd2 f5 25. g3 Qd8 26. Rac1 b6 27. Nf3 Be7 28. Kg2 Bf6 29. Rc2 Ra7 30. Bc1 Nf7 31. Qb5 Ra8 32. Be3 Rb8 33. b4 f4 34. gxf4 Qc8 35. Nh2 exf4 36. Bxf4 Qf5 37. Rcc1 Qxf4 38. Rce1 Be5 0-1

[Event "Sparkassen-Open A"]
[Site "Heusenstamm, Martinsee"]
[Date "2023.11.25"]
[Round "4.58"]
[White "Kirchmann, Sascha"]
[Black "Schröder, Jürgen"]
[Result "1/2-1/2"]
[WhiteElo "1710"]
[BlackElo "2009"]
[PlyCount "49"]
[EventDate "2023.??.??"]
[WhiteTeam "SAbt SU Mühlheim"]
[BlackTeam "SC Matt im Park Ffm"]

1. d4 g6 2. Bg5 Bg7 3. c3 d6 4. e3 Nd7 5. f4 Ngf6 6. Nf3 c6 7. Bd3 Qc7 8. Nbd2 O-O 9. O-O e5 10. Qc2 h6 11. Bh4 Nd5 12. Rae1 exf4 13. exf4 Nxf4 14. Be7 Nxd3 15. Qxd3 Kh7 16. Bxf8 Nxf8 17. Kh1 Be6 18. b3 Qa5 19. a4 b5 20. axb5 cxb5 21. Ra1 Qb6 22. b4 Nd7 23. Ra5 a6 24. Rfa1 Bd5 25. Nf1 1/2-1/2

[Event "Sparkassen-Open A"]
[Site "Heusenstamm, Martinsee"]
[Date "2023.11.25"]
[Round "4.59"]
[White "Waffenschmidt, Joachim"]
[Black "Prill, Gerhard"]
[Result "1-0"]
[WhiteElo "2001"]
[BlackElo "1835"]
[PlyCount "111"]
[EventDate "2023.??.??"]
[WhiteTeam "SV 1920 Hofheim"]
[BlackTeam "SC Heitersheim"]

1. d4 b6 2. Nf3 Bb7 3. c4 e6 4. g3 Bxf3 5. exf3 Nf6 6. Bg2 Bb4+ 7. Nd2 O-O 8. O-O d5 9. f4 c6 10. Qa4 Bd6 11. b4 a6 12. c5 b5 13. Qb3 Be7 14. a4 Nbd7 15. Bb2 Qc7 16. Ra2 Rab8 17. Rfa1 Rb7 18. Bc3 h6 19. Qc2 Bd8 20. Nb3 Qc8 21. axb5 axb5 22. Ra8 Rb8 23. R8a6 Rb7 24. Bd2 Nb8 25. Ra8 Ne8 26. Qa2 f6 27. Bh3 Re7 28. Bc3 Nc7 29. Ra7 g5 30. f5 exf5 31. Qc2 g4 32. Bf1 Ne8 33. Bd3 Ng7 34. Qd2 Kh7 35. Qf4 Bc7 36. Qxg4 Rfe8 37. Qh4 Nd7 38. Bd2 Kg8 39. Bxh6 Re4 40. Bxe4 Rxe4 41. Qh3 Rg4 42. f3 Rg6 43. Bxg7 Rxg7 44. Qxf5 Qe8 45. Ra8 Bd8 46. Kf2 Re7 47. Qd3 Nf8 48. Na5 Qh5 49. h4 Bc7 50. Rg1 Rg7 51. Qe2 Qf5 52. Nxc6 Qh3 53. Ne7+ Kh7 54. Qd3+ Ng6 55. Nf5 Rf7 56. Qb1 1-0

[Event "Sparkassen-Open A"]
[Site "Heusenstamm, Martinsee"]
[Date "2023.11.25"]
[Round "4.60"]
[White "Wuerl, Roland"]
[Black "Nickel, Jonas"]
[Result "1/2-1/2"]
[WhiteElo "1974"]
[BlackElo "1810"]
[PlyCount "59"]
[EventDate "2023.??.??"]
[WhiteTeam "SC FK Babenhausen 1994"]
[BlackTeam "Schachdrachen Büdingen-Wächtersb"]

1. d4 d5 2. c4 c6 3. Nf3 e6 4. g3 dxc4 5. Bg2 b5 6. O-O Nf6 7. Ne5 Bb7 8. a4 Qb6 9. a5 Qa6 10. b3 cxb3 11. Qxb3 c5 12. Bxb7 Qxb7 13. Ba3 Nbd7 14. Nxd7 Nxd7 15. dxc5 Bxc5 16. Bxc5 Nxc5 17. Qc3 Qd5 18. Qxg7 Ke7 19. Nc3 Qf5 20. e4 Qf6 21. Qxf6+ Kxf6 22. Nxb5 Nxe4 23. Rfc1 a6 24. Nc7 Ra7 25. Rc6 Nd2 26. Ra3 Rd8 27. Rac3 Ne4 28. Rc1 Nd6 29. Nxa6 Nb7 30. Rc7 1/2-1/2

[Event "Sparkassen-Open A"]
[Site "Heusenstamm, Martinsee"]
[Date "2023.11.25"]
[Round "4.61"]
[White "Buchinger, Alexis"]
[Black "Klein, Levent"]
[Result "1-0"]
[WhiteElo "1841"]
[BlackElo "1607"]
[PlyCount "57"]
[EventDate "2023.??.??"]
[WhiteTeam "SF Neuberg"]
[BlackTeam "SG Kaiserslautern 1905"]

1. e4 c6 2. Nf3 d5 3. Nc3 Bg4 4. h3 Bxf3 5. Qxf3 e6 6. d3 Nd7 7. Be2 Ngf6 8. O-O Be7 9. Qg3 Qb8 10. f4 d4 11. Nd1 g6 12. Nf2 O-O 13. e5 Ne8 14. Ne4 Ng7 15. Bd2 f6 16. exf6 Bxf6 17. Qf2 e5 18. Bg4 Qc7 19. fxe5 Bxe5 20. Qh4 h5 21. Be2 Nc5 22. Nxc5 Nf5 23. Rxf5 Rxf5 24. Bf3 Bh2+ 25. Kh1 Rxc5 26. Qf6 Qd6 27. Qxd6 Bxd6 28. Bb4 Rd5 29. Bxd5+ 1-0

[Event "Sparkassen-Open A"]
[Site "Heusenstamm, Martinsee"]
[Date "2023.11.25"]
[Round "4.62"]
[White "Stephanblome, Felix"]
[Black "Pauls, Wilhelm"]
[Result "1-0"]
[WhiteElo "1683"]
[BlackElo "1967"]
[PlyCount "89"]
[EventDate "2023.??.??"]
[WhiteTeam "SV 1934 Ffm-Griesheim"]
[BlackTeam "Sportgemeinschaft Kaarst 1912/35"]

1. e4 e5 2. Nc3 Nf6 3. f4 d5 4. fxe5 Nxe4 5. Qf3 f5 6. d3 Nxc3 7. bxc3 Be7 8. Ne2 O-O 9. g3 Nc6 10. d4 Na5 11. Bg2 c6 12. Nf4 Kh8 13. O-O Bg5 14. Nd3 Nc4 15. Re1 Nd2 16. Qe2 Ne4 17. Bxg5 Qxg5 18. c4 dxc4 19. Bxe4 cxd3 20. Bxd3 f4 21. Qg2 Be6 22. Be4 Rad8 23. c3 Qh5 24. Bf3 Qf7 25. g4 g5 26. Qc2 Qd7 27. h3 Bd5 28. Bxd5 Qxd5 29. Rad1 b5 30. e6 Rde8 31. Re5 Qd6 32. Qe4 f3 33. Kf1 Rf4 34. Qe3 Qe7 35. d5 cxd5 36. Rdxd5 Qf6 37. Rxg5 b4 38. cxb4 Rxb4 39. Rd2 Rxe6 40. Qxe6 Rb1+ 41. Kf2 Qxg5 42. Qe8+ Kg7 43. Rd7+ Kh6 44. Qe6+ Qg6 45. Qe3+ 1-0

[Event "Sparkassen-Open A"]
[Site "Heusenstamm, Martinsee"]
[Date "2023.11.25"]
[Round "4.63"]
[White "Poetsch, Leonore"]
[Black "Bender, Tim"]
[Result "0-1"]
[WhiteElo "1957"]
[BlackElo "1669"]
[PlyCount "62"]
[EventDate "2023.??.??"]
[WhiteTeam "VSG 1880 Offenbach"]
[BlackTeam "SC Hennweiler"]

1. e4 d6 2. d4 Nf6 3. Nc3 g6 4. Nf3 Bg7 5. Be3 a6 6. Qd2 Ng4 7. Bc4 Nxe3 8. fxe3 O-O 9. O-O-O b5 10. Bb3 Nc6 11. Qf2 Na5 12. h4 Nxb3+ 13. axb3 h6 14. h5 g5 15. Qg3 e6 16. e5 Bb7 17. d5 Qe7 18. exd6 cxd6 19. dxe6 Qxe6 20. Rxd6 Qxe3+ 21. Kb1 Rad8 22. Re1 Qc5 23. Rxd8 Rxd8 24. Ne5 Qc7 25. Re3 f5 26. Ng6 Qxg3 27. Rxg3 f4 28. Rg4 Kf7 29. Nxf4 Bc8 30. Rg3 gxf4 31. Rf3 Be5 0-1

[Event "Sparkassen-Open A"]
[Site "Heusenstamm, Martinsee"]
[Date "2023.11.25"]
[Round "4.64"]
[White "Pradeep, Harshill"]
[Black "Hank, Holger"]
[Result "1/2-1/2"]
[WhiteElo "1538"]
[BlackElo "1951"]
[PlyCount "52"]
[EventDate "2023.??.??"]
[WhiteTeam "SK Bickenbach"]
[BlackTeam "Brühler SK 1920 e. V."]

1. e4 g6 2. d4 Bg7 3. c3 d6 4. Bd3 Nf6 5. h3 O-O 6. f4 c5 7. Nf3 Nfd7 8. f5 cxd4 9. fxg6 hxg6 10. cxd4 Nc6 11. d5 Nce5 12. Nxe5 Nxe5 13. Nc3 Qb6 14. Be2 Bd7 15. Qb3 Qd4 16. Bf4 Nd3+ 17. Bxd3 Qxd3 18. Rd1 Bxc3+ 19. Qxc3 Qxe4+ 20. Qe3 Qxe3+ 21. Bxe3 Rfc8 22. O-O Rc2 23. Bd4 Rac8 24. Bc3 Re2 25. Rf4 f6 26. Rb4 Rc7 1/2-1/2

[Event "Sparkassen-Open A"]
[Site "Heusenstamm, Martinsee"]
[Date "2023.11.25"]
[Round "4.65"]
[White "Heppert, Lars"]
[Black "Barsov, Vladislav"]
[Result "0-1"]
[WhiteElo "1943"]
[BlackElo "1680"]
[PlyCount "100"]
[EventDate "2023.??.??"]
[WhiteTeam "SK Neuburg"]
[BlackTeam "SK Gräfelfing"]

1. Nf3 Nf6 2. c4 g6 3. Nc3 Bg7 4. e4 d6 5. d4 O-O 6. Be2 e5 7. Be3 exd4 8. Nxd4 Re8 9. f3 Nbd7 10. O-O Ne5 11. Qc2 Bd7 12. Rfd1 Nc6 13. Rac1 Be6 14. a3 Ne5 15. Nd5 Kh8 16. Nb5 Bxd5 17. cxd5 a6 18. Nxc7 Rc8 19. Nxe8 Rxc2 20. Rxc2 Qxe8 21. Rdc1 Qa4 22. Rc8+ Ng8 23. Rd8 Qb3 24. Rc3 Nxf3+ 25. gxf3 Bxc3 26. bxc3 Qxc3 27. Kf2 Qf6 28. Rb8 Qh4+ 29. Kg2 Qe7 30. a4 Kg7 31. Bb6 Qg5+ 32. Kf1 Qc1+ 33. Kf2 Qh1 34. Rxb7 Qxh2+ 35. Ke1 h5 36. Bxa6 h4 37. Bf1 h3 38. Bf2 Qf4 39. Ke2 h2 40. Bg2 Qc1 41. a5 Qc2+ 42. Kf1 Qd1+ 43. Be1 Qd3+ 44. Kf2 Qd4+ 45. Kg3 Qg1 46. Bf2 h1=N+ 47. Kh3 Nxf2+ 48. Kg3 Qe1 49. a6 Nd3+ 50. Kh2 Qf2 0-1

[Event "Sparkassen-Open A"]
[Site "Heusenstamm, Martinsee"]
[Date "2023.11.25"]
[Round "4.66"]
[White "Valean, David-Andrei"]
[Black "von Wahden, Jens"]
[Result "1-0"]
[WhiteElo "1572"]
[BlackElo "1904"]
[PlyCount "159"]
[EventDate "2023.??.??"]
[WhiteTeam "SK 1933 Bad Neustadt"]
[BlackTeam "SV Oberursel"]

1. e4 e6 2. d4 d5 3. exd5 exd5 4. c4 Nf6 5. Nc3 Bb4 6. Nf3 O-O 7. c5 b6 8. cxb6 axb6 9. Be2 c5 10. O-O Bxc3 11. bxc3 c4 12. Bg5 Bg4 13. h3 Bh5 14. Re1 Qd6 15. Bxf6 Qxf6 16. Ne5 Bxe2 17. Rxe2 Qd6 18. Qd2 Nd7 19. Rae1 Nf6 20. f3 h6 21. Qb2 Ra5 22. Ng4 Nxg4 23. hxg4 Qc6 24. Qb1 g6 25. Rb2 b5 26. Ree2 Re8 27. Qe1 Rxe2 28. Rxe2 Ra8 29. Re5 Kg7 30. Qe2 Rb8 31. Re7 Qf6 32. Qe5 Qxe5 33. Rxe5 Rd8 34. Re7 Ra8 35. Rd7 Rxa2 36. Rxd5 Rb2 37. Rc5 Kf6 38. Rc6+ Ke7 39. Rc5 Kd6 40. Kf1 Rb3 41. Ke1 Rxc3 42. Rxb5 Rd3 43. Rb6+ Kd5 44. Rf6 Kxd4 45. Rxf7 g5 46. Ke2 Kc3 47. Rf6 Kc2 48. Rxh6 c3 49. Ra6 Rd5 50. Rc6 Kb2 51. Rb6+ Kc1 52. g3 Rd4 53. Rb5 Rc4 54. Rxg5 Kb2 55. Rb5+ Ka2 56. Kd1 c2+ 57. Kc1 Rc3 58. g5 Rxf3 59. Kxc2 Ka3 60. Kd2 Rxg3 61. Ke2 Ka4 62. Re5 Kb4 63. Kf2 Rg4 64. Kf3 Rg1 65. Re4+ Kc5 66. Kf4 Kd5 67. Re8 Kd6 68. Kf5 Rf1+ 69. Kg6 Kd7 70. Re4 Kd6 71. Kg7 Kd5 72. Re8 Kd6 73. g6 Kd7 74. Re4 Rf2 75. Kg8 Rf1 76. g7 Rf2 77. Kh7 Rh2+ 78. Kg6 Rg2+ 79. Kf6 Rg1 80. Re5 1-0

[Event "Sparkassen-Open A"]
[Site "Heusenstamm, Martinsee"]
[Date "2023.11.25"]
[Round "4.67"]
[White "Gold, Jan Christian"]
[Black "Fischermann, Simon"]
[Result "1-0"]
[WhiteElo "1934"]
[BlackElo "1634"]
[PlyCount "101"]
[EventDate "2023.??.??"]
[WhiteTeam "SK Bad Homburg 1927"]
[BlackTeam "SG Porz e. V."]

1. Nf3 Nf6 2. g3 b6 3. Bg2 Bb7 4. O-O e6 5. c4 Be7 6. d4 d5 7. cxd5 Nxd5 8. Re1 Nd7 9. e4 N5f6 10. Nc3 O-O 11. Bf4 Nh5 12. Be3 Nhf6 13. Bf4 Nh5 14. Be3 Nhf6 15. Qd3 a6 16. Rad1 Re8 17. a3 Nf8 18. Ne5 Ng6 19. f4 Nxe5 20. fxe5 Nd7 21. Bf4 Nf8 22. d5 Bc5+ 23. Kh1 b5 24. Be3 Bxe3 25. Qxe3 Qe7 26. d6 Qd7 27. Bh3 Ng6 28. Nd5 Bxd5 29. exd5 cxd6 30. dxe6 fxe6 31. exd6 Nf8 32. Qe5 Rac8 33. Rc1 Rxc1 34. Rxc1 Ng6 35. Qd4 Rc8 36. Rxc8+ Qxc8 37. d7 Qc1+ 38. Kg2 Qc2+ 39. Kg1 Qc1+ 40. Bf1 h6 41. d8=Q+ Kh7 42. Q8d7 e5 43. Qc3 Qg5 44. Qdd2 Qf6 45. Qde3 b4 46. axb4 a5 47. Bd3 axb4 48. Bxg6+ Kxg6 49. Qcxe5 Qf8 50. Q3e4+ Qf5 51. Q4xf5# 1-0

[Event "Sparkassen-Open A"]
[Site "Heusenstamm, Martinsee"]
[Date "2023.11.25"]
[Round "4.68"]
[White "Schneider, Till"]
[Black "Blaschke, Henri Johannes"]
[Result "0-1"]
[WhiteElo "1575"]
[BlackElo "1866"]
[Annotator "Schloessner,Henrik"]
[PlyCount "76"]
[EventDate "2023.??.??"]
[WhiteTeam "SC Brett vorm Kopp Ffm"]
[BlackTeam "SK Vellmar 1950"]

{Partie prüfen} 1. e4 c6 2. f4 d5 3. Nc3 dxe4 4. Nxe4 Nf6 5. Nxf6+ exf6 6. d4 Bd6 7. Bd3 O-O 8. Ne2 Bg4 9. O-O f5 10. h3 Bxe2 11. Bxe2 Re8 12. Rf3 Nd7 13. b3 Nf6 14. Bd3 Bb4 15. Bd2 Bxd2 16. Qxd2 Qxd4+ 17. Kh2 Qxa1 18. Bxf5 Rad8 19. Bd3 Qe1 20. Qxe1 Rxe1 21. g4 Nd5 22. Kg3 Re3 23. Rxe3 Nxe3 24. Kf3 Nd5 25. a4 a5 26. Ke4 Kf8 27. f5 f6 28. Bc4 Ke7 29. h4 h6 30. Kf3 Kd6 31. Ke4 Re8+ 32. Kd4 c5+ 33. Kd3 Re3+ 34. Kd2 Rh3 35. h5 Ke5 36. Be2 Kd4 37. Bd1 Rh2+ 38. Ke1 Ke3 0-1

[Event "Sparkassen-Open A"]
[Site "Heusenstamm, Martinsee"]
[Date "2023.11.25"]
[Round "4.69"]
[White "Buchholz, Maja Patricia"]
[Black "Alt, Johannes"]
[Result "1-0"]
[WhiteElo "1923"]
[BlackElo "1557"]
[PlyCount "105"]
[EventDate "2023.??.??"]
[WhiteTeam "Wiesbadener SV 1885"]
[BlackTeam "Sfr.Heidesheim"]

1. c4 Nf6 2. g3 g6 3. Bg2 Bg7 4. Nc3 O-O 5. d4 d6 6. Nf3 Nbd7 7. O-O e5 8. e4 exd4 9. Nxd4 Re8 10. h3 Nc5 11. Re1 a5 12. Qc2 h5 13. Bg5 Be6 14. Nxe6 Rxe6 15. Rad1 Qc8 16. Kh2 Re8 17. b3 Rb8 18. f3 Ne6 19. Be3 Nd7 20. Nb5 b6 21. Bf2 Qd8 22. Qd2 Qf6 23. f4 Ndc5 24. Re3 h4 25. Rf1 Bh6 26. Re2 hxg3+ 27. Bxg3 Qg7 28. Ref2 Rbd8 29. Qe2 Nd4 30. Nxd4 Qxd4 31. e5 dxe5 32. fxe5 Re7 33. Bd5 Ne6 34. Rd1 Qc5 35. Qg4 Rf8 36. Rdf1 c6 37. Bxe6 Rxe6 38. Rxf7 Rxf7 39. Qxe6 Qf8 40. Qxg6+ Bg7 41. Qxf7+ Qxf7 42. Rxf7 Kxf7 43. Kg2 Ke6 44. Kf3 b5 45. cxb5 cxb5 46. Ke4 a4 47. Kd4 axb3 48. axb3 Bf8 49. Bh4 Ba3 50. Bf6 Bf8 51. Bd8 Bb4 52. Bc7 Bf8 53. Bd6 1-0

[Event "Sparkassen-Open A"]
[Site "Heusenstamm, Martinsee"]
[Date "2023.11.25"]
[Round "4.70"]
[White "Derr, Oleg"]
[Black "Kovalskyy, Alicia"]
[Result "1/2-1/2"]
[WhiteElo "1808"]
[BlackElo "1515"]
[PlyCount "45"]
[EventDate "2023.??.??"]
[WhiteTeam "VSG 1880 Offenbach"]
[BlackTeam "Düsseldorfer SV 1854"]

1. d4 d5 2. c4 e6 3. Nf3 Nf6 4. g3 Nbd7 5. Bg2 Be7 6. O-O O-O 7. Qc2 c6 8. b3 b6 9. Bb2 Ba6 10. Rd1 Rc8 11. Nc3 dxc4 12. bxc4 Bxc4 13. Ne5 Nxe5 14. dxe5 Nd5 15. Qa4 b5 16. Qxa7 Qb6 17. Qxb6 Nxb6 18. e3 Nd5 19. Bf1 Bxf1 20. Kxf1 Nxc3 21. Bxc3 Rfd8 22. Ke2 Rf8 23. f4 1/2-1/2

[Event "Sparkassen-Open A"]
[Site "Heusenstamm, Martinsee"]
[Date "2023.11.25"]
[Round "4.71"]
[White "Winter, Lars"]
[Black "John, Volkmar"]
[Result "1-0"]
[WhiteElo "1896"]
[BlackElo "1646"]
[PlyCount "133"]
[EventDate "2023.??.??"]
[WhiteTeam "SV 1926 Fechenheim"]
[BlackTeam "SK Herborn 1946"]

1. e4 c5 2. Nf3 e6 3. d4 cxd4 4. Nxd4 Nc6 5. Nc3 a6 6. Nxc6 bxc6 7. Bd3 e5 8. O-O Nf6 9. Qe2 Be7 10. f4 d6 11. fxe5 dxe5 12. Kh1 O-O 13. Be3 Qc7 14. Na4 c5 15. Nc3 Bb7 16. Bg5 Qc6 17. Bxf6 Bxf6 18. Nd5 Bd8 19. Bc4 a5 20. a4 Qg6 21. Ra3 Rb8 22. Raf3 Kh8 23. Nc3 f6 24. b3 Bc8 25. Qd2 Bb6 26. Qd6 Bg4 27. Rg3 Rfd8 28. Qe7 Rd7 29. Qxd7 Bxd7 30. Rxg6 hxg6 31. Rd1 Bg4 32. Rd2 Rd8 33. Bd5 Kh7 34. Nb5 Kh6 35. h3 Bc8 36. c4 Kg5 37. Rd3 f5 38. Nc3 f4 39. Kg1 Kf6 40. Kf2 g5 41. g4 Bc7 42. Nd1 Be6 43. Nb2 Bc8 44. Nd1 Be6 45. Kf3 Rh8 46. Nf2 Bc8 47. Bc6 Rd8 48. Rd5 Rxd5 49. exd5 Ba6 50. Ne4+ Ke7 51. Nxg5 Kf8 52. Ke4 Ke7 53. Nf3 Kf7 54. Nxe5+ Bxe5 55. Kxe5 f3 56. d6 f2 57. Bg2 Bb7 58. Bf1 Bf3 59. g5 Bd1 60. Kd5 Bxb3 61. Kxc5 Bxa4 62. Kb6 Ke6 63. Kxa5 Bc6 64. c5 Kd5 65. Kb6 Bd7 66. Kc7 Ba4 67. d7 1-0

[Event "Sparkassen-Open A"]
[Site "Heusenstamm, Martinsee"]
[Date "2023.11.25"]
[Round "4.72"]
[White "Schmidbauer, Frank"]
[Black "Bahlo, Jens"]
[Result "1-0"]
[WhiteElo "2042"]
[BlackElo "1795"]
[PlyCount "81"]
[EventDate "2023.??.??"]
[WhiteTeam "SV Wollishofen Zürich"]
[BlackTeam "SK 1858 Gießen"]

1. Nf3 Nc6 2. d4 d5 3. g3 Bf5 4. Bg2 Nb4 5. Na3 e6 6. c3 Na6 7. O-O Be7 8. b4 c6 9. Bb2 Nc7 10. Nc2 h5 11. Nd2 Nf6 12. f3 Bg6 13. e4 O-O 14. Ne3 a5 15. a3 b5 16. Qe2 Nd7 17. e5 Re8 18. f4 Nb6 19. Nb3 axb4 20. axb4 Na4 21. f5 exf5 22. Nxf5 Bxf5 23. Rxf5 g6 24. Rff1 Ne6 25. Na5 Qc7 26. Nb3 Kg7 27. Rf2 Rh8 28. Raf1 Raf8 29. Nc5 Nexc5 30. bxc5 h4 31. Rf3 h3 32. Bh1 Nxc5 33. Qf2 Ne6 34. Rxf7+ Kg8 35. Rxf8+ Bxf8 36. Qf6 Qe7 37. Qxg6+ Ng7 38. Bc1 Qe6 39. Rf6 Qe8 40. Qxe8 Nxe8 41. Rxc6 1-0

[Event "Sparkassen-Open A"]
[Site "Heusenstamm, Martinsee"]
[Date "2023.11.25"]
[Round "4.73"]
[White "Bräutigam, Thomas"]
[Black "Peri, Jean-Christophe"]
[Result "1/2-1/2"]
[WhiteElo "1992"]
[BlackElo "1667"]
[PlyCount "99"]
[EventDate "2023.??.??"]
[WhiteTeam "SV Würzburg von 1865 e.V."]
[BlackTeam "SK Herborn 1946"]

1. d4 c6 2. c4 d5 3. e3 Nf6 4. Nf3 e6 5. Nc3 Nbd7 6. Bd3 Bd6 7. O-O e5 8. cxd5 cxd5 9. e4 dxe4 10. Nxe4 Nxe4 11. Bxe4 O-O 12. dxe5 Nxe5 13. Nxe5 Bxe5 14. Bxh7+ Kxh7 15. Qh5+ Kg8 16. Qxe5 Re8 17. Qc3 Be6 18. Be3 Rc8 19. Qd4 Qxd4 20. Bxd4 Rc2 21. Rfe1 Bd7 22. Rxe8+ Bxe8 23. Re1 Bd7 24. Bc3 Be6 25. a3 b5 26. h3 a5 27. Re4 a4 28. Re5 Bc4 29. Rg5 g6 30. Rc5 Kf8 31. Bf6 Ke8 32. Rc7 Re2 33. g4 Re6 34. g5 Rb6 35. Kh2 Rb8 36. Ra7 Kf8 37. Kg3 Re8 38. Rb7 Re4 39. f3 Re3 40. Rb8+ Re8 41. Rb6 Re6 42. Rb7 Re3 43. Rc7 Ke8 44. Kf4 Re2 45. h4 Re1 46. Kg3 Re2 47. Kf4 Re1 48. Kg3 Re2 49. Kf4 Re1 50. Kg3 1/2-1/2

[Event "Sparkassen-Open A"]
[Site "Heusenstamm, Martinsee"]
[Date "2023.11.25"]
[Round "4.74"]
[White "Tremöhlen, Thomas"]
[Black "Marchese, Gaspare"]
[Result "1-0"]
[WhiteElo "1976"]
[BlackElo "1787"]
[PlyCount "45"]
[EventDate "2023.??.??"]
[WhiteTeam "Sportgemeinschaft Kaarst 1912/35"]
[BlackTeam "SC Matt im Park Ffm"]

1. d4 Nf6 2. Bf4 g6 3. e3 Bg7 4. Nd2 d6 5. c3 O-O 6. h4 Nc6 7. h5 Nxh5 8. Rxh5 gxh5 9. Qxh5 f5 10. Ngf3 Qe8 11. Qh2 e6 12. O-O-O Ne7 13. Bd3 Nd5 14. Rh1 Nf6 15. g4 Kf7 16. g5 Ng4 17. Qxh7 Rh8 18. g6+ Kf8 19. Qxh8+ Bxh8 20. Rxh8+ Ke7 21. Bg5+ Kd7 22. Bb5+ c6 23. Rh7+ 1-0

[Event "Sparkassen-Open A"]
[Site "Heusenstamm, Martinsee"]
[Date "2023.11.25"]
[Round "4.75"]
[White "Mandalka, Justus"]
[Black "Baladjaev, Emin"]
[Result "0-1"]
[WhiteElo "1751"]
[BlackElo "1927"]
[PlyCount "64"]
[EventDate "2023.??.??"]
[WhiteTeam "SK Bad Homburg 1927"]
[BlackTeam "SAbt TuS Dotzheim"]

1. e4 e5 2. Nf3 d6 3. d4 exd4 4. Nxd4 Be7 5. Nc3 Nf6 6. Be2 O-O 7. Be3 a6 8. Bf3 Nbd7 9. h4 Re8 10. Qe2 Ne5 11. O-O-O Bf8 12. h5 h6 13. Rdg1 Nfg4 14. Nf5 Nxe3 15. fxe3 c6 16. g4 Qg5 17. Nd1 Qf6 18. Nf2 d5 19. exd5 Bxf5 20. gxf5 cxd5 21. Bxd5 Rac8 22. Ne4 Qxf5 23. Rf1 Qd7 24. Qg2 Kh8 25. Nf6 gxf6 26. Rhg1 Qg4 27. Qxg4 Nxg4 28. Rxg4 Rc7 29. Rfg1 Bc5 30. Kb1 Bxe3 31. Rf1 Bg5 32. Be4 Rce7 0-1

[Event "Sparkassen-Open A"]
[Site "Heusenstamm, Martinsee"]
[Date "2023.11.25"]
[Round "4.76"]
[White "Gürtler, Karlheinz"]
[Black "Merz, Leander"]
[Result "0-1"]
[WhiteElo "1871"]
[BlackElo "1743"]
[PlyCount "60"]
[EventDate "2023.??.??"]
[WhiteTeam "SC Ober-Ramstadt"]
[BlackTeam "Schachforum Darmstadt 1994"]

1. e4 c6 2. d4 d5 3. exd5 cxd5 4. Bd3 Nc6 5. c3 Nf6 6. h3 e5 7. dxe5 Nxe5 8. Qe2 Qe7 9. Be3 g6 10. Bb5+ Bd7 11. Bd4 Bxb5 12. Qxe5 Qxe5+ 13. Bxe5 Bg7 14. Na3 Ba6 15. O-O-O b6 16. Nf3 Rd8 17. Nd4 O-O 18. Nc6 Rd7 19. Nb8 Rxb8 20. Bxb8 Ne4 21. Bg3 Be2 22. Rde1 Bd3 23. Nc2 Bh6+ 24. Kd1 a5 25. Nd4 f5 26. Bh4 Rc7 27. f3 Rxc3 28. Nb3 a4 29. fxe4 axb3 30. bxc3 b2 0-1

[Event "Sparkassen-Open A"]
[Site "Heusenstamm, Martinsee"]
[Date "2023.11.25"]
[Round "4.77"]
[White "Raumanns, Niklas"]
[Black "Weil, Michael"]
[Result "0-1"]
[WhiteElo "1729"]
[BlackElo "1882"]
[PlyCount "66"]
[EventDate "2023.??.??"]
[WhiteTeam "SC Bergen-Enkheim 1922"]
[BlackTeam "SC Steinbach"]

1. e3 d5 2. b3 e6 3. Bb2 Nf6 4. Nf3 Bd6 5. c4 O-O 6. Nc3 c6 7. Ne2 Qe7 8. d4 Ne4 9. c5 Bc7 10. b4 f5 11. Ne5 Nd7 12. f3 Nef6 13. Ng3 Nxe5 14. dxe5 Nd7 15. f4 b6 16. Qa4 Bb7 17. cxb6 axb6 18. Qb3 c5 19. b5 c4 20. Qc3 Nc5 21. Bxc4 dxc4 22. Qxc4 Bd5 23. Qc3 Rxa2 24. Rxa2 Bxa2 25. O-O Qd7 26. Ra1 Bd5 27. Ra7 Ra8 28. Rxa8+ Bxa8 29. e4 Nxe4 30. Nxe4 Bxe4 31. Qb3 Qd5 32. Qc3 Qd1+ 33. Kf2 Qc2+ 0-1

[Event "Sparkassen-Open A"]
[Site "Heusenstamm, Martinsee"]
[Date "2023.11.25"]
[Round "4.78"]
[White "Trumpp, Lothar"]
[Black "Schellen, Sven"]
[Result "1-0"]
[WhiteElo "1885"]
[BlackElo "1785"]
[PlyCount "63"]
[EventDate "2023.??.??"]
[WhiteTeam "VSG 1880 Offenbach"]
[BlackTeam "SV Frankfurt Nord 1926"]

1. b3 e5 2. Bb2 Nc6 3. e3 Nf6 4. Nf3 e4 5. Ne5 Nb8 6. Ng4 Nd5 7. f3 f5 8. fxe4 fxe4 9. Nf2 Nf6 10. Nxe4 Be7 11. Ng3 d5 12. Be2 O-O 13. O-O Bd6 14. Nf5 Bxf5 15. Rxf5 Nbd7 16. Nc3 c6 17. Qe1 Qc7 18. Qh4 Ne5 19. Raf1 Ng6 20. Qh3 Rfe8 21. Nd1 Re4 22. Bxf6 gxf6 23. Rxf6 Rf8 24. Rxf8+ Bxf8 25. Bd3 Rh4 26. Qe6+ Kg7 27. Qf6+ Kh6 28. g3 Be7 29. Qe6 Rh5 30. Rf7 Rg5 31. Qh3+ Rh5 32. Rxh7+ 1-0

[Event "Sparkassen-Open A"]
[Site "Heusenstamm, Martinsee"]
[Date "2023.11.25"]
[Round "4.79"]
[White "Rüll, Michael"]
[Black "Weyerer, Noah"]
[Result "0-1"]
[WhiteElo "1753"]
[BlackElo "1747"]
[PlyCount "52"]
[EventDate "2023.??.??"]
[WhiteTeam "SC 1952 Obertshausen"]
[BlackTeam "SV Oberursel"]

1. d4 e6 2. Nc3 d5 3. Bf4 Bd6 4. e3 Bxf4 5. exf4 b6 6. Qf3 c5 7. O-O-O Ne7 8. g4 Nbc6 9. Nge2 c4 10. f5 exf5 11. gxf5 Bxf5 12. Nf4 O-O 13. Ncxd5 Nxd5 14. Nxd5 Bxc2 15. Kxc2 Qxd5 16. Qxd5 Nb4+ 17. Kb1 Nxd5 18. Bxc4 Rfd8 19. Rhe1 Kf8 20. Re5 Nf6 21. d5 Rd6 22. Rde1 Re8 23. f4 Rdd8 24. Ka1 Ng4 25. R5e2 Rxe2 26. Rxe2 Re8 0-1